Research and design methods : (Record no. 19161)

MARC details
000 -LEADER
fixed length control field 01463cam a2200349 a 4500
001 - CONTROL NUMBER
control field 13547741
003 - CONTROL NUMBER IDENTIFIER
control field OSt
005 - DATE AND TIME OF LATEST TRANSACTION
control field 20211119091219.0
008 - FIXED-LENGTH DATA ELEMENTS--GENERAL INFORMATION
fixed length control field 040405s2005 maua b 001 0 eng
010 ## - LIBRARY OF CONGRESS CONTROL NUMBER
LC control number 2004045911
020 ## - INTERNATIONAL STANDARD BOOK NUMBER
International Standard Book Number 0072887648 (alk. paper)
040 ## - CATALOGING SOURCE
Original cataloging agency DLC
Transcribing agency HU
Modifying agency DLC
050 00 - LIBRARY OF CONGRESS CALL NUMBER
Classification number BF76.5
Item number .B67 2005
082 00 - DEWEY DECIMAL CLASSIFICATION NUMBER
Classification number 150/.72
Edition number 22
100 1# - MAIN ENTRY--PERSONAL NAME
Personal name Bordens, Kenneth S.
9 (RLIN) 16845
245 10 - TITLE STATEMENT
Title Research and design methods :
Remainder of title a process approach /
Statement of responsibility, etc. Kenneth S. Bordens, Bruce B. Abbott.
246 14 - VARYING FORM OF TITLE
Title proper/short title Research design and methods
250 ## - EDITION STATEMENT
Edition statement 6th ed.
260 ## - PUBLICATION, DISTRIBUTION, ETC.
Place of publication, distribution, etc. Boston :
Name of publisher, distributor, etc. McGraw-Hill,
Date of publication, distribution, etc. c2005.
300 ## - PHYSICAL DESCRIPTION
Extent 1 v. (various pagings) :
Other physical details ill. (some col.) ;
Dimensions 24 cm.
500 ## - GENERAL NOTE
General note Rev. ed. of: Research design and methods. c2002.
504 ## - BIBLIOGRAPHY, ETC. NOTE
Bibliography, etc. note Includes bibliographical references (p. R-1 to R-10) and indexes.
650 #0 - SUBJECT ADDED ENTRY--TOPICAL TERM
Topical term or geographic name entry element Psychology
General subdivision Research
Form subdivision Textbooks.
9 (RLIN) 16846
650 #0 - SUBJECT ADDED ENTRY--TOPICAL TERM
Topical term or geographic name entry element Psychology
General subdivision Research
-- Methodology
Form subdivision Textbooks.
9 (RLIN) 3473
700 1# - ADDED ENTRY--PERSONAL NAME
Personal name Abbott, Bruce B.
9 (RLIN) 16847
700 1# - ADDED ENTRY--PERSONAL NAME
Personal name Bordens, Kenneth S.
Title of a work Research design and methods.
9 (RLIN) 19433
856 41 - ELECTRONIC LOCATION AND ACCESS
Materials specified Table of contents only
Uniform Resource Identifier <a href="http://www.loc.gov/catdir/enhancements/fy0707/2004045911-t.html">http://www.loc.gov/catdir/enhancements/fy0707/2004045911-t.html</a>
856 42 - ELECTRONIC LOCATION AND ACCESS
Materials specified Publisher description
Uniform Resource Identifier <a href="http://www.loc.gov/catdir/enhancements/fy0707/2004045911-d.html">http://www.loc.gov/catdir/enhancements/fy0707/2004045911-d.html</a>
906 ## - LOCAL DATA ELEMENT F, LDF (RLIN)
a 7
b cbc
c orignew
d 1
e ocip
f 20
g y-gencatlg
942 ## - ADDED ENTRY ELEMENTS (KOHA)
Source of classification or shelving scheme Dewey Decimal Classification
Koha item type Books like text book referance book
Suppress in OPAC No

No items available.